Basic Metrology for ISO 9000 Certification /

Na minha lista:
Detalhes bibliográficos
Autor principal: Silva, G.M.S. de (autor)
Formato: Livro
Idioma:inglês
Publicado em: Oxford, Inglaterra : Butterworth-Heinemann, 2002, c2002
Assuntos:
Tags: Adicionar Tag
Sem tags, seja o primeiro a adicionar uma tag!

MARC

LEADER 00000nam^a2200000^a^4500
001 000152715
005 20250521000000.0
009 20260310100255.302
020 |a 0-7506-5165-2 
037 |a Acervo ITESO - Biblioteca 
041 |a ING 
082 |a 530. 80218  |b SIL 
100 |a Silva, G.M.S. de  |e (autor) 
245 1 0 |a Basic Metrology for ISO 9000 Certification /  |c G.M.S. de Silva ; pról. de R.S. Sayles. 
264 4 |a Oxford, Inglaterra :  |b Butterworth-Heinemann,  |c 2002, c2002 
300 |a XIV, 214 p. 
336 |a texto  |b txt  |2 rdacontenido 
337 |a sin mediación  |b n  |2 rdamedio 
338 |a volumen  |b nc  |2 rdasoporte 
649 |a XX 
650 |a Instrumentos de Medición -  |x Tema Principal 
650 |a Calibración -  |x Tema Principal 
650 |a Normalización y Certificación -  |x Tema Principal 
650 |a Pesas y Medidas 
650 |a Medición 
650 |a Física 
910 |a Fondo General 
920 |a Impresos - Libros 
930 |a Colección General 
905 |a 101 
901 |a 0500081969  |b IT1  |c ACC  |u 20250521 
902 |a https://opac.biblio.iteso.mx/vufind/Record/000152715